00369nam a2200145 4500020001800000082002300018245004900041260003500090300001000125650002800135650001500163650000900178700001900187700001700206 a9789349946767 aM 791.430 7bSAN/M aMalappuram desham cinema/cby Sanjay S (ed.) aKozhikode:bAtma Books,c2026. a287p. aFilm History Malappuram aFilm Study aArts aSanjay S (ed.) aGopu S (ed.)